La independencia de Bélgica (Record no. 36846)

MARC details
000 -LEADER
campo de control de longitud fija 00646nam a2200193 i 4500
001 - NÚMERO DE CONTROL
campo de control 36846
003 - IDENTIFICADOR DE NÚMERO DE CONTROL
campo de control ES-MaACL
005 - FECHA Y HORA DE LA ÚLTIMA TRANSACCIÓN
campo de control 20230911063134.0
007 - CAMPO FIJO DE DESCRIPCIÓN FÍSICA--INFORMACIÓN GENERAL
campo de control de longitud fija t|
008 - DATOS DE LONGITUD FIJA--INFORMACIÓN GENERAL
campo de control de longitud fija 030219s1930 sp ||||1| spa d
100 1# - ENTRADA PRINCIPAL--NOMBRE DE PERSONA
Nombre de persona Bullón y Fernández, Eloy,
Títulos y otros términos asociados al nombre Marqués de Selva Alegre,
Fechas asociadas al nombre 1879-1957
9 (RLIN) 32523
245 13 - MENCIÓN DEL TÍTULO
Título La independencia de Bélgica
Resto del título : estudio histórico /
Mención de responsabilidad, etc. por Marqués de Selva Alegre, Eloy Bullón y Fernández.
250 ## - MENCION DE EDICION
Mención de edición 2ª ed.
260 ## - PUBLICACIÓN, DISTRIBUCIÓN, ETC.
Lugar de publicación, distribución, etc. Madrid :
Nombre del editor, distribuidor, etc. [s.n.,
Fecha de publicación, distribución, etc. 1930] (
Fabricante Ramona Velasco)
300 ## - DESCRIPCIÓN FÍSICA
Extensión 116 p. ;
Dimensiones 19 cm.
651 #4 - PUNTO DE ACCESO ADICIONAL DE MATERIA--NOMBRE GEOGRÁFICO
Nombre geográfico Bélgica-
Subdivisión general Historia.
9 (RLIN) 7873
852 ## - LOCALIZACIÓN
Ubicación ES-MaACL
Número de control de estantería B-12590
Holdings
Estatus retirado Estado de pérdida Estado de daño No para préstamo Biblioteca de origen Biblioteca actual Ubicación en estantería Fecha de adquisición Fuente de adquisición Total de préstamos Signatura topográfica completa Código de barras Visto por última vez Precio de reemplazo Tipo de ítem Koha
        Biblioteca del Ateneo de Madrid Biblioteca del Ateneo de Madrid Sala Pardo Bazán 17/01/2008     B-12590 1038749 23/02/2023 23/02/2023 Libro impreso